000
00403nam a2200145Ia 4500
008
100204s9999 xx 000 0 und d
082
_b
7644
100
_a
लागू चिंतामणी
245
_a
धुंद
260
_b
"उदयदीप प्रकाशन , मुंबई"
_c
1985
300
_a
172
630
_a
धुंद
730
_a
धुंद
942
_c
BOOK
999
_c
452080
_d
452077